[Event "Festival EFE 2019"]
[Site "Metz"]
[Date "2019.07.26"]
[Round "6.4"]
[White "Pirverdiyev, Agil"]
[Black "Le Goff, Renan"]
[Result "1-0"]
[WhiteElo "2406"]
[BlackElo "2281"]
[PlyCount "81"]
[EventDate "2019.07.24"]
[EventRounds "1"]
[EventCountry "FRA"]
[SourceDate "2019.07.24"]

1. c4 e6 2. d4 Nf6 3. g3 d5 4. Bg2 Be7 5. Nf3 O-O 6. Qc2 c5 7. dxc5 Na6 8. O-O
Nxc5 9. Rd1 Bd7 10. Ne5 Rc8 11. Nc3 dxc4 12. Nxc4 Na4 13. Nxa4 b5 14. b3 bxc4
15. bxc4 Qa5 16. Nb2 Bc6 17. e4 Ba3 18. Bd2 Qh5 19. Bc3 Qg6 20. f3 Bc5+ 21. Bd4
Bxd4+ 22. Rxd4 h5 23. Qd2 Nh7 24. Rc1 f5 25. e5 Ng5 26. Qe3 f4 27. Qd3 Qxd3 28.
Nxd3 fxg3 29. f4 gxh2+ 30. Kxh2 Nf3+ 31. Bxf3 Bxf3 32. Kg3 Bg4 33. c5 Rc7 34.
Nb4 g5 35. fxg5 Rf3+ 36. Kg2 Re3 37. c6 Re2+ 38. Kg1 Bf3 39. Rd7 Rc8 40. c7 Bb7
41. Nc6 1-0

[Event "Festival EFE 2019"]
[Site "Metz"]
[Date "2019.07.26"]
[Round "6.5"]
[White "Quesada Vera, Liordis"]
[Black "Ortega, François"]
[Result "1-0"]
[WhiteElo "2386"]
[BlackElo "2215"]
[PlyCount "41"]
[EventDate "2019.07.24"]
[EventRounds "1"]
[EventCountry "FRA"]
[SourceDate "2019.07.24"]

1. c4 c5 2. g3 Nf6 3. Bg2 e6 4. Nf3 d5 5. O-O Nc6 6. d4 dxc4 7. Ne5 Nxe5 8.
dxe5 Qxd1 9. Rxd1 Nd7 10. Na3 Be7 11. Nxc4 O-O 12. Bxb7 Bxb7 13. Rxd7 Ba6 14.
b3 Rfe8 15. Ba3 Bf8 16. Kf1 Rec8 17. Rc1 Bb5 18. Rd2 Bxc4 19. Rxc4 a5 20. Rdc2
Rd8 21. Bxc5 1-0

[Event "Festival EFE 2019"]
[Site "Metz"]
[Date "2019.07.27"]
[Round "7.1"]
[White "Briet, Antoine"]
[Black "Quesada Vera, Liordis"]
[Result "0-1"]
[WhiteElo "2219"]
[BlackElo "2386"]
[PlyCount "84"]
[EventDate "2019.07.24"]
[EventRounds "1"]
[EventCountry "FRA"]
[SourceDate "2019.07.24"]

1. e4 e5 2. Nf3 Nc6 3. Bb5 Nf6 4. O-O Nxe4 5. d4 Nd6 6. Bxc6 dxc6 7. dxe5 Nf5
8. Qxd8+ Kxd8 9. Nc3 Ke8 10. h3 h5 11. Bf4 Be6 12. a3 Rd8 13. Rad1 Be7 14. Bg5
h4 15. Rxd8+ Kxd8 16. Rd1+ Ke8 17. Bxe7 Nxe7 18. Nd4 Ng6 19. Nxe6 fxe6 20. Ne4
b6 21. Ng5 Ke7 22. Nf3 c5 23. b4 cxb4 24. axb4 Ra8 25. Nd4 a5 26. Nc6+ Ke8 27.
b5 a4 28. Nb4 Ke7 29. Nc6+ Ke8 30. Nb4 Ke7 31. Nc6+ Kf8 32. Nd8 Nf4 33. Nc6
Ne2+ 34. Kf1 Nc3 35. Rd4 g5 36. Nb4 a3 37. Rc4 Nxb5 38. Na2 Rd8 39. Kg1 Rd5 40.
f4 Kg7 41. Rc6 gxf4 42. Rxe6 Rc5 0-1

[Event "Festival EFE 2019"]
[Site "Metz"]
[Date "2019.07.27"]
[Round "7.2"]
[White "Douriet Duany, Alexis"]
[Black "Dutreuil, Raphaël"]
[Result "1-0"]
[WhiteElo "2247"]
[BlackElo "2302"]
[PlyCount "69"]
[EventDate "2019.07.24"]
[EventRounds "1"]
[EventCountry "FRA"]
[SourceDate "2019.07.24"]

1. d4 Nf6 2. c4 g6 3. g3 Bg7 4. Bg2 O-O 5. Nf3 d6 6. O-O Nc6 7. Nc3 e5 8. dxe5
Nxe5 9. Nxe5 dxe5 10. Qb3 c6 11. Rd1 Qc7 12. Be3 Be6 13. Rac1 Rfe8 14. Qa4 Bf8
15. h3 Nd7 16. Ne4 f5 17. Ng5 Nc5 18. Bxc5 Bxc5 19. b4 Bf8 20. Nxe6 Rxe6 21.
Bd5 Qe7 22. Bxe6+ Qxe6 23. Qb3 Kf7 24. Qd3 Ke8 25. b5 Bc5 26. bxc6 bxc6 27. Kg2
g5 28. Qb1 Rc8 29. Qb7 Be7 30. Rc2 g4 31. hxg4 fxg4 32. Rcd2 Rd8 33. Rxd8+ Bxd8
34. Qxh7 Bb6 35. Qh8+ 1-0

[Event "Festival EFE 2019"]
[Site "Metz"]
[Date "2019.07.27"]
[Round "7.3"]
[White "Ortega, François"]
[Black "Adrian, Claude"]
[Result "1/2-1/2"]
[WhiteElo "2215"]
[BlackElo "2261"]
[PlyCount "97"]
[EventDate "2019.07.24"]
[EventRounds "1"]
[EventCountry "FRA"]
[SourceDate "2019.07.24"]

1. e4 e6 2. d4 d5 3. exd5 exd5 4. Nf3 Bg4 5. h3 Bh5 6. Qe2+ Be7 7. Qb5+ Nc6 8.
Ne5 Qd6 9. Qxb7 Nxd4 10. Bb5+ Nxb5 11. Qxb5+ Kd8 12. Nc6+ Kd7 13. Nd4+ Kc8 14.
O-O a6 15. Qa4 Bf6 16. Nc3 Ne7 17. Re1 g5 18. Be3 Rg8 19. g4 Bg6 20. Rac1 h5
21. Nb3 Qd7 22. Bd4 Bxd4 23. Nxd4 hxg4 24. Rxe7 Qxe7 25. Qc6 Ra7 26. Nxd5 Qd6
27. Re1 Rd8 28. Ne7+ Kb8 29. Qxd6 Rxd6 30. Ndc6+ Kb7 31. Nxa7 Kxa7 32. Nxg6
fxg6 33. hxg4 Rd4 34. Re3 Rxg4+ 35. Rg3 Rc4 36. c3 Rc5 37. Re3 Kb6 38. Kg2 a5
39. Re4 Rd5 40. a4 Rd2 41. b4 Ra2 42. bxa5+ Kxa5 43. Rc4 Rxa4 44. Rxc7 Kb6 45.
Rc8 Rg4+ 46. Kf3 Rf4+ 47. Kg3 Rf5 48. Kg4 Rxf2 49. Kxg5 1/2-1/2

[Event "Festival EFE 2019"]
[Site "Metz"]
[Date "2019.07.27"]
[Round "7.4"]
[White "Huesmann, Thomas"]
[Black "Pirverdiyev, Agil"]
[Result "0-1"]
[WhiteElo "2143"]
[BlackElo "2406"]
[PlyCount "104"]
[EventDate "2019.07.24"]
[EventRounds "1"]
[EventCountry "FRA"]
[SourceDate "2019.07.24"]

1. e4 c5 2. c3 d5 3. exd5 Qxd5 4. d4 Nf6 5. Nf3 e6 6. Na3 Nc6 7. Be3 cxd4 8.
Nb5 Qd8 9. Nbxd4 Nxd4 10. Qxd4 Qxd4 11. Bxd4 a6 12. a4 Nd5 13. Bc4 f6 14. O-O
Kf7 15. Bxd5 exd5 16. Bb6 Bd7 17. Nd4 h5 18. a5 Rc8 19. Rad1 h4 20. h3 g5 21.
Nc2 g4 22. hxg4 Bxg4 23. f3 Be6 24. Ne3 Rh5 25. f4 Bh6 26. f5 Bd7 27. Nxd5 Bxf5
28. Kh2 Rc6 29. Bd4 Bf8 30. Ne3 Bc8 31. Rf3 Rxa5 32. Kh1 Bh6 33. Rdf1 Bg5 34.
b4 Ra2 35. Bxf6 Rxf6 36. Rxf6+ Bxf6 37. Nd5 Ke6 38. Nxf6 b6 39. Ng4 Kd5 40. Rf4
Re2 41. c4+ Kd6 42. Rf6+ Ke7 43. Rxb6 Bxg4 44. Rxa6 Be6 45. Ra7+ Kf6 46. Rc7
Rc2 47. b5 Bd5 48. Rc5 Bxg2+ 49. Kg1 h3 50. Rh5 Rxc4 51. Rh6+ Kg5 52. Rd6 Be4
0-1

[Event "Festival EFE 2019"]
[Site "Metz"]
[Date "2019.07.27"]
[Round "7.5"]
[White "Le Goff, Ronan"]
[Black "Bedouin, Xavier"]
[Result "1-0"]
[WhiteElo "2281"]
[BlackElo "2326"]
[PlyCount "109"]
[EventDate "2019.07.24"]
[EventRounds "1"]
[EventCountry "FRA"]
[SourceDate "2019.07.24"]

1. d4 d5 2. Bf4 Nf6 3. e3 c5 4. c3 Nc6 5. Nd2 Bf5 6. Ngf3 Qb6 7. Qb3 c4 8. Qxb6
axb6 9. Nh4 e6 10. Nxf5 exf5 11. Be2 Kd7 12. O-O Be7 13. b3 cxb3 14. axb3 Rac8
15. c4 Nb4 16. Nf3 Bd6 17. Ne5+ Ke6 18. Rac1 Na2 19. cxd5+ Nxd5 20. Rxc8 Rxc8
21. Bc4 Nac3 22. Re1 b5 23. Bf1 Ra8 24. Bg3 Bxe5 25. Bxe5 f6 26. Bg3 Kd7 27. f3
f4 28. exf4 Ra3 29. Bd3 g6 30. f5 g5 31. h4 h6 32. hxg5 hxg5 33. Re6 Rxb3 34.
Rd6+ Ke7 35. Be4 Nxe4 36. fxe4 Rxg3 37. Rxd5 Rd3 38. Kf2 b4 39. Ke2 Rg3 40. Rb5
Rxg2+ 41. Kf3 Rb2 42. e5 b3 43. Rxb7+ Ke8 44. Rb8+ Ke7 45. Rb7+ Kd8 46. exf6
Ke8 47. Kg4 Rf2 48. Kh5 Rxf5 49. Kg6 Rf4 50. f7+ Kf8 51. Rb8+ Ke7 52. Re8+ Kd6
53. f8=Q+ Rxf8 54. Rxf8 Kd5 55. Rb8 1-0

[Event "Festival EFE 2019"]
[Site "Metz"]
[Date "2019.07.27"]
[Round "8.1"]
[White "Bedouin, Xavier"]
[Black "Dutreuil, François"]
[Result "1/2-1/2"]
[WhiteElo "2326"]
[BlackElo "2302"]
[PlyCount "60"]
[EventDate "2019.07.24"]
[EventRounds "1"]
[EventCountry "FRA"]
[SourceDate "2019.07.24"]

1. d4 d5 2. c4 c6 3. cxd5 cxd5 4. Nc3 Nf6 5. Bf4 Bf5 6. e3 e6 7. Nf3 Bd6 8.
Bxd6 Qxd6 9. Bd3 Bxd3 10. Qxd3 Nc6 11. O-O O-O 12. Rac1 Rfc8 13. a3 a6 14. Na4
Nd7 15. Nc5 Nxc5 16. Rxc5 Ne7 17. Rfc1 Rxc5 18. Rxc5 Rc8 19. Rxc8+ Nxc8 20. Qc3
Ne7 21. Ne5 f6 22. Nd3 Kf7 23. g3 Qc6 24. Qxc6 Nxc6 25. Kf1 Na5 26. Ke2 Ke7 27.
Kd2 Kd6 28. Kc3 e5 29. f4 exd4+ 30. exd4 Nc4 1/2-1/2

[Event "Festival EFE 2019"]
[Site "Metz"]
[Date "2019.07.27"]
[Round "8.2"]
[White "Adrian, Claude"]
[Black "Briet, Antoine"]
[Result "0-1"]
[WhiteElo "2261"]
[BlackElo "2219"]
[PlyCount "70"]
[EventDate "2019.07.24"]
[EventRounds "1"]
[EventCountry "FRA"]
[SourceDate "2019.07.24"]

1. Nf3 Nf6 2. c4 g6 3. g3 Bg7 4. Bg2 O-O 5. d4 d6 6. O-O Nc6 7. Nc3 a6 8. d5
Na5 9. b3 c5 10. Bb2 Rb8 11. Nd2 b5 12. Rb1 bxc4 13. bxc4 Bh6 14. Ba1 Bf5 15.
e4 Bg4 16. f3 Be3+ 17. Kh1 Bd7 18. f4 Ng4 19. Qe2 Bxd2 20. Qxd2 Nxc4 21. Qe2
Nge3 22. Rxb8 Qxb8 23. Rb1 Qc7 24. f5 Rb8 25. Rc1 Nxg2 26. Kxg2 Ne5 27. fxg6
hxg6 28. Qxa6 Bc8 29. Qf1 Qd7 30. Rb1 Rxb1 31. Nxb1 Qa4 32. Nc3 Qd4 33. Qd1 Nd3
34. Qd2 Bh3+ 35. Kf3 Ne5+ 0-1

[Event "Festival EFE 2019"]
[Site "Metz"]
[Date "2019.07.27"]
[Round "8.3"]
[White "Pirverdiyev, Agil"]
[Black "Ortega, François"]
[Result "1-0"]
[WhiteElo "2406"]
[BlackElo "2215"]
[PlyCount "69"]
[EventDate "2019.07.24"]
[EventRounds "1"]
[EventCountry "FRA"]
[SourceDate "2019.07.24"]

1. Nf3 c5 2. e4 Nf6 3. e5 Nd5 4. Nc3 e6 5. Nxd5 exd5 6. d4 d6 7. exd6 Bxd6 8.
Be2 O-O 9. O-O h6 10. Be3 b6 11. c4 dxc4 12. dxc5 bxc5 13. Nd2 Bb7 14. Nxc4 Be7
15. Qb3 Qc8 16. Ne5 Bd6 17. Ng6 Rd8 18. Rac1 Qc7 19. f4 Na6 20. Bc4 Rab8 21.
Qc3 Nb4 22. Rcd1 Kh7 23. Ne5 Bxe5 24. Qxe5 Qc6 25. Qf5+ Kh8 26. Qh3 Nc2 27. Bc1
Qf6 28. Kh1 Nd4 29. Rd2 Re8 30. Qg4 Ba6 31. Bxa6 Qxa6 32. Rdf2 Qxa2 33. f5 Re5
34. Bxh6 Rg8 35. Bxg7+ 1-0

[Event "Festival EFE 2019"]
[Site "Metz"]
[Date "2019.07.27"]
[Round "8.4"]
[White "Le Goff, Ronan"]
[Black "Huesmann, Thomas"]
[Result "1/2-1/2"]
[WhiteElo "2281"]
[BlackElo "2143"]
[PlyCount "85"]
[EventDate "2019.07.24"]
[EventRounds "1"]
[EventCountry "FRA"]
[SourceDate "2019.07.24"]

1. d4 f5 2. Bf4 Nf6 3. e3 e6 4. Nf3 b6 5. h3 Bb7 6. Be2 Be7 7. Nbd2 O-O 8. c3
Ne4 9. Nxe4 Bxe4 10. Rg1 c5 11. Nd2 Bb7 12. g4 cxd4 13. cxd4 fxg4 14. Bd3 Rxf4
15. exf4 Bf6 16. Qxg4 Bxd4 17. Qh5 Kf8 18. Qxh7 Qf6 19. Rg6 Qxf4 20. O-O-O Nc6
21. Rg4 Qh6 22. Qxh6 gxh6 23. Nb3 Bf6 24. Bh7 Ke7 25. Kb1 Ne5 26. Rg3 Rh8 27.
Bc2 Rf8 28. Nd4 Bg5 29. Rc3 Nc6 30. Ba4 Nxd4 31. Rxd4 Bd5 32. Rc7 Kd6 33. Rxd7+
Ke5 34. Rd1 Rxf2 35. Re1+ Kf4 36. Rxa7 Kg3 37. Bb3 Bd2 38. Rd1 Bf3 39. Rxd2
Rxd2 40. Bxe6 Be4+ 41. Kc1 Rc2+ 42. Kd1 Rxb2 43. Ra3+ 1/2-1/2

[Event "Festival EFE 2019"]
[Site "Metz"]
[Date "2019.07.27"]
[Round "8.5"]
[White "Quesada Vera, Liordis"]
[Black "Douriet Duany, Alexis"]
[Result "1/2-1/2"]
[WhiteElo "2386"]
[BlackElo "2247"]
[PlyCount "62"]
[EventDate "2019.07.24"]
[EventRounds "1"]
[EventCountry "FRA"]
[SourceDate "2019.07.24"]

1. e4 g6 2. d4 c6 3. Nc3 d5 4. Nf3 dxe4 5. Nxe4 Bg7 6. c3 Bf5 7. Ng3 Bg4 8. h3
Bxf3 9. Qxf3 Nf6 10. Ne4 Nxe4 11. Qxe4 Nd7 12. Bc4 O-O 13. Bf4 e5 14. dxe5 Nxe5
15. Bxe5 Bxe5 16. O-O Qc7 17. Rad1 Rae8 18. Qg4 Re7 19. g3 Qb6 20. Rd2 Rfe8 21.
Rfd1 Kg7 22. Qf3 Qc5 23. Bb3 h5 24. h4 Bf6 25. Rd7 Rxd7 26. Rxd7 Re7 27. Rxe7
Qxe7 28. Kf1 Qd7 29. Ke2 Qe7+ 30. Qe3 Qxe3+ 31. Kxe3 Be5 1/2-1/2

[Event "Festival EFE 2019"]
[Site "Metz"]
[Date "2019.07.28"]
[Round "9.1"]
[White "Dutreuil, Raphaël"]
[Black "Quesada Vera, Liordis"]
[Result "1/2-1/2"]
[WhiteElo "2302"]
[BlackElo "2386"]
[PlyCount "57"]
[EventDate "2019.07.24"]
[EventRounds "1"]
[EventCountry "FRA"]
[SourceDate "2019.07.24"]

1. d4 d6 2. e4 Nf6 3. Nc3 Nbd7 4. Nf3 e5 5. Bc4 Be7 6. a4 O-O 7. O-O c6 8. h3
b6 9. Qe2 Bb7 10. Rd1 Qc7 11. Ba2 Rae8 12. Be3 d5 13. exd5 Nxd5 14. Bxd5 cxd5
15. Nb5 Qb8 16. Nxe5 Nxe5 17. dxe5 Qxe5 18. Qg4 Bc5 19. Bd4 f5 20. Qg5 Bxd4 21.
Nxd4 h6 22. Qh5 Qf6 23. Ra3 Re4 24. Rad3 Qe5 25. c3 Rf6 26. Nf3 Qe7 27. Nd4 Qe5
28. Nf3 Qe7 29. Nd4 1/2-1/2

[Event "Festival EFE 2019"]
[Site "Metz"]
[Date "2019.07.28"]
[Round "9.2"]
[White "Briet, Antoine"]
[Black "Pirverdiyev, Agil"]
[Result "0-1"]
[WhiteElo "2219"]
[BlackElo "2406"]
[PlyCount "80"]
[EventDate "2019.07.24"]
[EventRounds "1"]
[EventCountry "FRA"]
[SourceDate "2019.07.24"]

1. e4 c5 2. Nf3 d6 3. d4 cxd4 4. Nxd4 Nf6 5. Nc3 a6 6. Be3 e5 7. Nb3 Be6 8. f3
h5 9. Qd2 Nbd7 10. O-O-O Qc7 11. h3 Rc8 12. Bd3 h4 13. Rhe1 Be7 14. f4 b5 15.
Kb1 Nb6 16. Qf2 Nc4 17. Bxc4 bxc4 18. Nd2 Rb8 19. Nf1 Qa5 20. Ba7 Rb7 21. Ka1
O-O 22. Rb1 Rc8 23. f5 Bd7 24. Ne3 Rxb2 25. Rxb2 Qxc3 26. Nd1 Qa3 27. Qf3 Qa5
28. Nc3 Bb5 29. Bf2 d5 30. exd5 e4 31. Nxe4 c3 32. Rb3 Nxd5 33. f6 Nxf6 34.
Bxh4 Nxe4 35. Bxe7 Nd2 36. Qg4 Nxb3+ 37. cxb3 Re8 38. Qe4 Qc7 39. Qe5 Qd7 40.
a4 Qd2 0-1

[Event "Festival EFE 2019"]
[Site "Metz"]
[Date "2019.07.28"]
[Round "9.3"]
[White "Douriet Duany, Alexis"]
[Black "Adrian, Claude"]
[Result "1/2-1/2"]
[WhiteElo "2247"]
[BlackElo "2261"]
[PlyCount "68"]
[EventDate "2019.07.24"]
[EventRounds "1"]
[EventCountry "FRA"]
[SourceDate "2019.07.24"]

1. Nf3 c5 2. g3 b6 3. Bg2 Bb7 4. c4 Nf6 5. Nc3 e6 6. O-O d6 7. a3 Be7 8. b4 O-O
9. Rb1 Nbd7 10. d3 Rb8 11. e4 Ne5 12. b5 Nxf3+ 13. Bxf3 Nd7 14. Bg2 Bf6 15. Ne2
Bd4 16. Bb2 e5 17. Bh3 Nf6 18. Bc1 Bc8 19. Nxd4 cxd4 20. Bxc8 Qxc8 21. f4 Qh3
22. f5 h5 23. Qe2 Nd7 24. Bd2 Nc5 25. Rf3 f6 26. Kh1 Rf7 27. g4 Qh4 28. gxh5
Qxh5 29. Qg2 Rd7 30. Rh3 Qe8 31. Rg1 a6 32. Rg3 Rbb7 33. bxa6 Nxa6 34. Rg6 Rf7
1/2-1/2

[Event "Festival EFE 2019"]
[Site "Metz"]
[Date "2019.07.28"]
[Round "9.4"]
[White "Ortega, François"]
[Black "Le Goff, Ronan"]
[Result "0-1"]
[WhiteElo "2215"]
[BlackElo "2281"]
[PlyCount "72"]
[EventDate "2019.07.24"]
[EventRounds "1"]
[EventCountry "FRA"]
[SourceDate "2019.07.24"]

1. e4 e5 2. Nf3 Nc6 3. d4 exd4 4. Nxd4 Nf6 5. Nxc6 bxc6 6. Nd2 Bc5 7. Bd3 d5 8.
O-O Bg4 9. Qe1 O-O 10. Nb3 Bb6 11. e5 Nd7 12. Kh1 Qh4 13. Bf4 Rfe8 14. Bg3 Qh5
15. f4 f6 16. Qc3 fxe5 17. fxe5 Nxe5 18. Bxe5 Rxe5 19. Qxc6 Rae8 20. Nc5 Rd8
21. Rae1 Qe8 22. Qxe8+ Rdxe8 23. Rxe5 Rxe5 24. b4 g6 25. Kg1 Bf5 26. Bxf5 gxf5
27. c3 Kf7 28. Kf2 Bxc5+ 29. bxc5 Re4 30. Rd1 Ke6 31. Rd4 Ke5 32. Rb4 Rxb4 33.
cxb4 Kd4 34. c6 Kc3 35. b5 d4 36. a4 d3 0-1

[Event "Festival EFE 2019"]
[Site "Metz"]
[Date "2019.07.28"]
[Round "9.5"]
[White "Huesmann, Thomas"]
[Black "Bedouin, Xavier"]
[Result "1/2-1/2"]
[WhiteElo "2143"]
[BlackElo "2215"]
[PlyCount "138"]
[EventDate "2019.07.24"]
[EventRounds "1"]
[EventCountry "FRA"]
[SourceDate "2019.07.24"]

1. e4 Nc6 2. d4 d5 3. Nc3 Nf6 4. e5 Nd7 5. Nf3 Nb6 6. a4 a5 7. Bb5 Bg4 8. h3
Bxf3 9. Qxf3 e6 10. Qg4 Nd7 11. Ne2 Nb4 12. Bd3 Nxd3+ 13. cxd3 h5 14. Qg3 Bb4+
15. Nc3 g6 16. O-O c6 17. Ne2 Kf8 18. Kh1 Nb6 19. Bg5 Be7 20. Bd2 Nc8 21. Qe3
h4 22. g4 Bb4 23. Bxb4+ axb4 24. b3 Kg7 25. Qd2 Qb6 26. f4 Ne7 27. Rac1 Rae8
28. Rf3 Kf8 29. Rc5 Ra8 30. Rf1 Ke8 31. Nc1 Ra5 32. Rxa5 Qxa5 33. Na2 Kd7 34.
Rc1 b6 35. Qxb4 Qxb4 36. Nxb4 Rf8 37. Nc2 f6 38. Kg2 fxe5 39. fxe5 g5 40. Rf1
Rxf1 41. Kxf1 Ng6 42. Ne1 Nf8 43. Nf3 Nh7 44. b4 Kc7 45. Ke1 Kb7 46. Kd2 Ka6
47. Kc3 Kb7 48. a5 Ka6 49. axb6 Kxb6 50. Kb3 Ka6 51. Ka4 Kb6 52. b5 cxb5+ 53.
Kb4 Kc6 54. Ka5 b4 55. Kxb4 Kb6 56. Ka4 Kc6 57. Ka5 Kc7 58. Kb5 Kd7 59. Kb6 Kd8
60. Kc6 Ke7 61. Kc7 Ke8 62. Kd6 Kf7 63. Kd7 Nf8+ 64. Kd8 Nh7 65. Nd2 Nf8 66.
Nf3 Nh7 67. Kd7 Nf8+ 68. Kd6 Nh7 69. Kc7 Ke7 1/2-1/2